| 000 | 00398nam a2200157Ia 4500 | ||
|---|---|---|---|
| 008 | 151213s9999 xx 000 0 und d | ||
| 020 | _a81-203-1281-3 | ||
| 100 | _aDavid H. Holt | ||
| 245 |
_aEntrepreneurship _cDavid H. Holt |
||
| 260 |
_aNew Delhi _bPrentic Hall of India _c1992 |
||
| 300 | _a5702 p. | ||
| 650 | _aManagement | ||
| 650 | _aManagement | ||
| 700 | _aDavid H. Holt | ||
| 999 |
_c3379 _d3379 |
||